00449 2200169 4500001002100000008004100021035002000062245004800082100001800130260003500148300001300183020002200196084001400218082000800232650002000240990001900260INLIS000000000001486 ind  a0010-0724001486 a1000 Burung Kertas Untuk DaecKeisha Sarang aKeisha Sarang aJakarta :bLaskar Aksarac2012 a196 hlm. a978-602-9305-10-4 a813 KEI b a813 aFiksi Indonesia aP29/CP/24/1486